Monuments français en images (double choix) - Statistiques

Statistiques générales
  • Ce quiz a été pris 221 fois
  • Le résultat moyen est 6 sur 9
Statistiques - réponses
Question Réponse % Correct
Tour Eiffel
97%
Château de Versailles
80%
Château de Chambord
76%
Château du Haut Koenigsbourg
76%
Sanctuaire de Lourdes
68%
Gros Horloge de Rouen
59%
Arènes de Nîmes
55%
Ville close de Concarneau
49%
Beffroi de Lille
43%
Aucun quiz correspondant
Distribution des résultats
% des personnes avec chaque résultat
Percentile par nombre de réponses
Votre historique - résultats
Vous n’avez pas pris ce quiz